000 01115cab a2200313 4500
001 ABS56477
008 090401t1997 xxu||||| |||| 00| 0 eng d
035 _a(Sirsi) u23933
041 _aeng
100 _aHampson, C.
245 _aFailing foundations
260 _c1997
350 _a0
490 _aHousing Today
_v(18) 30 January 1997, 17(1)
520 _aReports on a survey by the London Housing Federation "Running late: rescuing London`s development programme", which finds that many London housing associations are having problems in delivering their annual development programmes, largely due to difficulties in dealing with planning authorities and Housing Corporation procedures.
650 _aDEVELOPMENT PLANS
650 _aDEVELOPMENT SITES
650 _aHOUSING ASSOCIATIONS
650 _aHOUSING CORPORATION
650 _aLOCAL AUTHORITIES
650 _aLONDON HOUSING FEDERATION
650 _aLONDON
650 _aPLANNING PROCESS
650 _aRESIDENTIAL DEVELOPMENT
650 _aSOCIAL HOUSING
690 _aHOUSING-DEVELOPMENT
942 _n0
948 _c04/03/1997
999 _c16024
_d16024